Loading...
| Religion | 0 | 3 | 0 | 1 | 30 | 49 | 102.00 | 1 | 1 | 6.24 | 13.64 |
| Science - Physics | 0 | 3 | 1 | 0 | 25 | 64 | 91.33 | 0 | 1 | 5.35 | 12.50 |
| Literature - American | 0 | 2 | 0 | 1 | 20 | 103 | 122.00 | 0 | 0 | 2.15 | 3.41 |
| Science - Other | 0 | 2 | 0 | 0 | 20 | 44 | 77.00 | 1 | 1 | 6.16 | 13.64 |
| Fine Arts - Other | 0 | 2 | 1 | 0 | 15 | 110 | 116.00 | 0 | 0 | 2.12 | 10.23 |
| Science - Biology | 0 | 2 | 1 | 2 | 15 | 114 | 120.00 | 0 | 1 | 0.00 | 2.27 |
| History - American | 0 | 2 | 1 | 0 | 15 | 73 | 80.50 | 0 | 0 | 6.69 | 4.55 |
| Fine Arts - Classical Music | 0 | 1 | 0 | 0 | 10 | 133 | 133.00 | 0 | 0 | 0.13 | 2.27 |
| Fine Arts - Painting and Sculpture | 0 | 1 | 0 | 0 | 10 | 99 | 99.00 | 0 | 0 | 2.00 | 1.14 |
| History - Other | 0 | 1 | 0 | 0 | 10 | 135 | 135.00 | 0 | 0 | 0.39 | 2.27 |
| Mythology | 0 | 1 | 0 | 0 | 10 | 116 | 116.00 | 0 | 0 | 1.16 | 2.27 |
| Other Academic | 0 | 1 | 0 | 0 | 10 | 69 | 69.00 | 1 | 1 | 13.84 | 29.17 |
| Science - Chemistry | 0 | 1 | 0 | 0 | 10 | 116 | 116.00 | 0 | 0 | 0.45 | 4.55 |
| Literature - British | 0 | 1 | 1 | 0 | 5 | 138 | 138.00 | 0 | 0 | 0.00 | 1.14 |
| Literature - World | 0 | 1 | 1 | 0 | 5 | 124 | 124.00 | 0 | 0 | 0.86 | 1.14 |
| Geography | 0 | 1 | 1 | 0 | 5 | 59 | 59.00 | 0 | 1 | 18.09 | 25.00 |
| Literature - European | 0 | 0 | 0 | 0 | 0 | 0.00 | 0 | 0 | 0.00 | 0.00 | |
| History - World | 0 | 0 | 0 | 0 | 0 | 0.00 | 0 | 0 | 0.00 | 0.00 | |
| Philosophy | 0 | 0 | 1 | 0 | -5 | 0.00 | 0 | 0 | 0.00 | 0.00 | |
| History - European | 0 | 0 | 1 | 0 | -5 | 0.00 | 0 | 0 | 0.00 | 0.00 | |
| Social Science | 0 | 0 | 1 | 0 | -5 | 0.00 | 0 | 0 | 0.00 | 0.00 |